|
|
|
|
| LEADER |
00000nam0a2200000 4500 |
| 001 |
246938 |
| 005 |
20231101232244.0 |
| 010 |
|
|
|a 9785913020123
|
| 035 |
|
|
|a (RuTPU)RU\TPU\book\268405
|
| 090 |
|
|
|a 246938
|
| 100 |
|
|
|a 20131212d2007 m y0rusy50 ca
|
| 101 |
0 |
|
|a rus
|
| 102 |
|
|
|a RU
|
| 105 |
|
|
|a a j 001zy
|
| 200 |
1 |
|
|a Практикум по геоинформационным системам
|h Ч. 1
|f Томский государственный университет (ТГУ) ; сост. Г. Г. Журавлев; В. Г. Житков; Г. О. Задде
|
| 210 |
|
|
|a Томск
|c ТМЛ-Пресс
|d 2007
|
| 215 |
|
|
|a 252 с. + 48 вклеек.
|c ил.
|
| 320 |
|
|
|a Словарь основных терминов: с. 168-248.
|
| 320 |
|
|
|a Библиография: с. 249-250.
|
| 330 |
|
|
|a Практикум включает в себя основные сведения о ГИС (классификация, составные части, аппаратное и программное обеспечение, данные, персонал, методы, функциональная структура, интерфейс ГИС ArcView 32х), упражнения для ознакомления с работой ArcView 3.2а и ее модулей - 3D Analyst и Spatial Analyst (сопровождаются цветными иллюстрациями), а также словарь основных терминов ГИС и список литературы. Для студентов и преподавателей геолого-географических и других специальностей, начинающих свое знакомство с геоинформационными технологиями и системами.
|
| 606 |
1 |
|
|a Геоинформационные системы
|x (геология)
|2 stltpush
|3 (RuTPU)RU\TPU\subj\67313
|9 83157
|
| 610 |
1 |
|
|a ГИС
|
| 610 |
1 |
|
|a классификация
|
| 610 |
1 |
|
|a составные части
|
| 610 |
1 |
|
|a аппаратное обеспечение
|
| 610 |
1 |
|
|a программное обеспечение
|
| 610 |
1 |
|
|a персонал
|
| 610 |
1 |
|
|a функциональная структура
|
| 610 |
1 |
|
|a интерфейс
|
| 610 |
1 |
|
|a ArcView 3.2a
|
| 610 |
1 |
|
|a 3D Analyst
|
| 610 |
1 |
|
|a Spatial Analyst
|
| 610 |
1 |
|
|a упражнения
|
| 610 |
1 |
|
|a практикумы
|
| 610 |
1 |
|
|a учебные пособия
|
| 675 |
|
|
|a 55:002.6(076.5)
|v 3
|
| 702 |
|
1 |
|a Журавлев
|b Г. Г.
|g Георгий Георгиевич
|4 220
|
| 702 |
|
1 |
|a Житков
|b В. Г.
|c геолог
|c доцент Томского политехнического университета, кандидат геолого-минералогических наук
|f 1958-
|g Владимир Георгиевич
|2 stltpush
|3 (RuTPU)RU\TPU\pers\26229
|4 220
|
| 702 |
|
1 |
|a Задде
|b Г. О.
|g Геннадий Освальдович
|4 220
|
| 712 |
0 |
2 |
|a Томский государственный университет (ТГУ)
|2 stltpush
|3 (RuTPU)RU\TPU\col\397
|
| 801 |
|
1 |
|a RU
|b 63413507
|c 20131212
|
| 801 |
|
2 |
|a RU
|b 63413507
|c 20160523
|g RCR
|
| 942 |
|
|
|c BK
|